[Event "BI-2013-P-00024"]
[Site "LSS email"]
[Date "2013.04.23"]
[Round "?"]
[White "Cunnelly, Adrian"]
[Black "Crapulli, Giuseppe"]
[Result "0-1"]
[WhiteElo "782"]
[BlackElo "1672"]
[PlyCount "36"]
[EventDate "2013.04.25"]
[EventType "tourn (corr)"]
[EventRounds "10"]
[EventCountry "GER"]
[SourceTitle "Telechess CBM 167"]
[Source "ChessBase"]
[SourceDate "2015.07.13"]
[SourceVersion "1"]
[SourceVersionDate "2015.07.13"]
[SourceQuality "1"]

1. d4 Nf6 2. Nf3 e6 3. e4 Nxe4 4. Bd3 Nf6 5. 0-0 c5 6. dxc5 Bxc5 7. Ne5 Nc6 8. Bf4 Nxe5 9. Bxe5 d6 10. Bc3 0-0 11. Qf3 Nd5 12. Bd2 Qf6 13. Qxf6 Nxf6 14. Nc3 a6 15. a3 b5 16. b4 Bd4 17. a4 Bd7 18. axb5 Rac8 0-1

[Event "BI-2013-P-00024"]
[Site "LSS email"]
[Date "2013.04.23"]
[Round "?"]
[White "Cunnelly, Adrian"]
[Black "Wilshusen, Horst"]
[Result "0-1"]
[WhiteElo "782"]
[BlackElo "1428"]
[PlyCount "48"]
[EventDate "2013.04.25"]
[EventType "tourn (corr)"]
[EventRounds "10"]
[EventCountry "GER"]
[SourceTitle "Telechess CBM 167"]
[Source "ChessBase"]
[SourceDate "2015.07.13"]
[SourceVersion "1"]
[SourceVersionDate "2015.07.13"]
[SourceQuality "1"]

1. d4 Nf6 2. Nc3 d5 3. Nf3 g6 4. e3 Bg7 5. Bd3 0-0 6. 0-0 Nbd7 7. b3 Re8 8. Qe2 e5 9. dxe5 Nxe5 10. Nxe5 Rxe5 11. f4 Re8 12. f5 Ne4 13. Bxe4 Bxc3 14. Rb1 dxe4 15. Bd2 Qxd2 16. Qxd2 Bxd2 17. fxg6 Bxe3+ 18. Kh1 fxg6 19. c4 Bh6 20. Rb2 e3 21. Re1 Bf5 22. Rbe2 Rad8 23. h3 Bd3 24. Rxe3 Rxe3 0-1

[Event "OP-2013-0-02727"]
[Site "LSS email"]
[Date "2013.04.22"]
[Round "?"]
[White "Ederer, Karel"]
[Black "Cunnelly, Adrian"]
[Result "1-0"]
[WhiteElo "1984"]
[BlackElo "782"]
[PlyCount "23"]
[EventDate "2013.04.08"]
[EventType "tourn (corr)"]
[EventRounds "4"]
[EventCountry "GER"]
[SourceTitle "Corr 2015"]
[Source "ChessBase"]
[SourceDate "2015.07.17"]
[SourceVersion "1"]
[SourceVersionDate "2015.07.17"]
[SourceQuality "1"]

1. e4 Nf6 2. e5 Nd5 3. d4 d6 4. c4 Nb6 5. f4 dxe5 6. fxe5 e6 7. Nc3 Bb4 8. Qg4 f5 9. Qxg7 Rf8 10. Bh6 Rf7 11. Qg8+ Ke7 12. Bg5+ 1-0

[Event "OP-2013-0-02719"]
[Site "LSS email"]
[Date "2013.04.08"]
[Round "?"]
[White "Cunnelly, Adrian"]
[Black "Pepermans, Toon"]
[Result "0-1"]
[WhiteElo "781"]
[BlackElo "2355"]
[PlyCount "50"]
[EventDate "2013.04.05"]
[EventType "tourn (corr)"]
[EventRounds "4"]
[EventCountry "GER"]
[SourceTitle "Telechess CBM 159"]
[Source "ChessBase"]
[SourceDate "2014.03.17"]
[SourceVersion "1"]
[SourceVersionDate "2014.03.17"]
[SourceQuality "1"]

1. d4 Nf6 2. Bf4 c5 3. dxc5 Na6 4. Qd4 Nc7 5. Nc3 Ne6 6. Qc4 b6 7. cxb6 Nxf4 8. Qxf4 Qxb6 9. f3 Bb7 10. 0-0-0 e6 11. e4 Bc5 12. Qg3 Bxg1 13. Qxg7 Ke7 14. Ne2 Be3+ 15. Kb1 Rhg8 16. Qxg8 Rxg8 17. Rd3 Nxe4 18. fxe4 Bxe4 19. Rb3 Qd6 20. Nc3 Bxc2+ 21. Ka1 Qd2 22. Bc4 Bxb3 23. axb3 Rxg2 24. Rb1 Bd4 25. Rd1 Qxb2# 0-1

[Event "OP-2013-0-02687"]
[Site "LSS email"]
[Date "2013.03.15"]
[Round "?"]
[White "Siger, Imre Csaba"]
[Black "Cunnelly, Adrian"]
[Result "1-0"]
[WhiteElo "1575"]
[BlackElo "781"]
[PlyCount "43"]
[EventDate "2013.03.10"]
[EventType "tourn (corr)"]
[EventRounds "4"]
[EventCountry "GER"]
[SourceTitle "Telechess CBM 161"]
[Source "ChessBase"]
[SourceDate "2014.07.16"]
[SourceVersion "1"]
[SourceVersionDate "2014.07.16"]
[SourceQuality "1"]

1. e4 Nf6 2. e5 Nd5 3. d4 e6 4. c4 Bb4+ 5. Ke2 Nf4+ 6. Bxf4 Nc6 7. Nf3 f6 8. exf6 Qxf6 9. Bxc7 Qf5 10. Qd3 Qxd3+ 11. Kxd3 0-0 12. a3 Be7 13. Nc3 b6 14. d5 exd5 15. cxd5 Ba6+ 16. Kd2 d6 17. Bxa6 Rf7 18. dxc6 Rf4 19. Rhe1 Re8 20. Bxd6 Bxd6 21. Rxe8+ Rf8 22. Bc4+ 1-0

[Event "OP-2013-0-02687"]
[Site "LSS email"]
[Date "2013.03.14"]
[Round "?"]
[White "Cunnelly, Adrian"]
[Black "Vontina, Maria"]
[Result "1-0"]
[WhiteElo "781"]
[BlackElo "772"]
[PlyCount "49"]
[EventDate "2013.03.10"]
[EventType "tourn (corr)"]
[EventRounds "4"]
[EventCountry "GER"]
[SourceTitle "Telechess CBM 161"]
[Source "ChessBase"]
[SourceDate "2014.07.16"]
[SourceVersion "1"]
[SourceVersionDate "2014.07.16"]
[SourceQuality "1"]

1. e4 e6 2. Nf3 d5 3. exd5 exd5 4. Bd3 Nf6 5. c4 dxc4 6. Bxc4 Be7 7. Ne5 0-0 8. Qb3 Qe8 9. 0-0 Nc6 10. Re1 Nxe5 11. Rxe5 Qd8 12. Nc3 Bd6 13. Re2 b6 14. d3 Bb7 15. Ne4 Nxe4 16. dxe4 Bc5 17. Be3 Bxe3 18. Rxe3 Qe7 19. Rae1 Rae8 20. e5 Bc8 21. e6 Bxe6 22. Bxe6 fxe6 23. Rxe6 Qf7 24. Rxe8 Qxb3 25. axb3 1-0